Equipos de la Ligue 1 Francesa - Estadísticas

Estadísticas generales
  • Esta prueba ha sido intentada 553 veces
    395 desde el último reinicio
  • La puntuación promedio es 28 de 76
Estadísticas de respuestas
Equipo % Correcto
Olympique de Marseille
96%
Olympique de Lyon
94%
Paris Saint-Gerrmain
92%
AS Monaco
87%
Lille OSC
86%
Nantes
78%
Girondins de Bordeaux
77%
Rennes
77%
CA Paris
76%
Paris FC
76%
Nice
75%
Toulouse FC
75%
Toulouse FC (1937)
75%
Montpellier
73%
RC Lens
70%
AS Saint-Étienne
69%
Reims
69%
Stade Brest
61%
Strasbourg
61%
AJ Auxerre
60%
Angers SCO
56%
AC Ajaccio
55%
GFC Ajaccio
55%
FC Lorient
53%
FC Metz
51%
Le Havre AC
48%
SM Caen
47%
Clermont Foot
44%
AS Troyes
42%
Troyes AC
42%
Dijon
41%
Guingamp
40%
SC Bastia
40%
Amiens SC
39%
Nîmes Olympique
39%
Sporting Club Nîmois
39%
Grenoble
37%
Valenciennes
37%
AS Nancy
36%
FC Nancy
36%
Sochaux
35%
Le Mans
28%
Red Star
28%
Laval
23%
Racing Club de France
22%
AS Cannes
21%
Evian
19%
Tours FC
19%
FC Rouen
15%
Niort
15%
Toulon
14%
AC Arles-Avignon
13%
US Boulogne
13%
Avignon Foot
10%
Châteauroux
10%
Martigues
10%
Sedan
10%
Limoges Foot
8%
Mulhouse
7%
Racing Club de Roubaix
7%
Sète
7%
AS Béziers Hérault
6%
FC Istres
6%
AS Aix
5%
FC Antibes
5%
SR Colmar
5%
Alès
4%
Gueugnon
4%
AS Angoulême
3%
Hyères FC
3%
Olympique Lillois
3%
Stade Français
3%
Roubaix-Tourcoing
2%
SC Fives
2%
Club Français
1%
Excelsior Roubaix
1%
No se encontraron pruebas coincidentes
Distribución de puntuación
Porcentaje de gente con cada puntuación
Porcentaje por número respondido
Historial de tus puntuaciones
No has intentado esta prueba desde el último reinicio